[Event "Bled Olympiad"]
[Site "Bled SLO"]
[Date "2002.11.08"]
[EventDate "2002.10.26"]
[Round "13"]
[Result "1-0"]
[White "Alexander Veingold"]
[Black "Morteza Mahjoob"]
[WhiteElo "2476"]
[BlackElo "2393"]
[PlyCount "155"]

1. d4 f5 2. c4 Nf6 3. g3 g6 4. Nc3 d6 5. Bg2 Bg7 6. Nh3 O-O
7. Bg5 Nc6 8. d5 Ne5 9. Qb3 Nfd7 10. Be3 Ng4 11. Bd2 e5
12. dxe6 Nc5 13. Qc2 Nxe6 14. e3 c6 15. O-O Qe7 16. Rad1 Bd7
17. Ne2 a5 18. Bc3 Ne5 19. b3 a4 20. Qd2 axb3 21. axb3 Nf7
22. Bxg7 Kxg7 23. b4 Qf6 24. Rc1 Ra3 25. f4 Re8 26. Nf2 Kg8
27. e4 Rea8 28. e5 Qe7 29. exd6 Nxd6 30. Rfd1 Nf8 31. Qxd6
Qxe2 32. Re1 Qb2 33. Nd3 Rxd3 34. Qxd3 Ra2 35. Qf3 Qxb4
36. Qc3 Qc5+ 37. Qe3 Qa5 38. Qc3 Qc5+ 39. Qe3 Qa5 40. Re2 Ra3
41. Qd4 Be6 42. Qf6 Qb6+ 43. Kh1 Re3 44. c5 Qb3 45. Rxe3 Qxe3
46. Qc3 Qe2 47. Re1 Qb5 48. h3 Kf7 49. Qe5 Qb3 50. Qe3 Qa2
51. Re2 Qb1+ 52. Kh2 Qb5 53. Qe5 b6 54. cxb6 Qxb6 55. Rb2 Qa6
56. Qc7+ Bd7 57. Rb6 Qe2 58. Rxc6 Qe7 59. Rc2 Be6 60. Qe5 Nd7
61. Qc7 Nf6 62. Qxe7+ Kxe7 63. Rc7+ Kd6 64. Rc6+ Ke7 65. Kg1
Ne8 66. Kf2 Nf6 67. Ke3 Nh5 68. Rc7+ Kf6 69. Kf2 Ng7 70. Bf3
h5 71. Ke3 Ne8 72. Ra7 Nd6 73. Ra6 Ke7 74. Kd4 Nf7 75. Bd5 Nd8
76. Bxe6 Nxe6+ 77. Ke5 Nf8 78. Ra7+ 1-0

[Event "Bled Olympiad"]
[Site "Bled SLO"]
[Date "2002.11.08"]
[EventDate "2002.10.26"]
[Round "13"]
[Result "0-1"]
[White "Saad Abdullah Sarsam"]
[Black "John K Shaw"]
[WhiteElo "2409"]
[BlackElo "2484"]
[PlyCount "107"]

1. d4 d5 2. c4 c6 3. Nc3 dxc4 4. a4 e5 5. Nf3 exd4 6. Qxd4
Qxd4 7. Nxd4 Bc5 8. Nc2 Nf6 9. e4 Ng4 10. Nd1 Ne5 11. Be3 Na6
12. f4 Nd3+ 13. Kd2 Bg4 14. Bxd3 O-O-O 15. Nf2 cxd3 16. Nxd3
Rhe8 17. h3 Bxe3+ 18. Kxe3 Bf5 19. Ne5 Bxe4 20. Kxe4 f6
21. Ke3 fxe5 22. f5 Rd5 23. Rhe1 Red8 24. Re2 Nc5 25. b4 Nd3
26. g3 Nb2 27. Kf2 Nd1+ 28. Kf3 Rd3+ 29. Ne3 Rb3 30. Re1 Nxe3
31. Rxe3 Rdd3 32. Rxd3 Rxd3+ 33. Ke4 Rxg3 34. Kxe5 Kd7 35. Kf4
Rxh3 36. b5 Rh4+ 37. Ke5 cxb5 38. axb5 Rb4 39. Rxa7 Rxb5+
40. Kf4 g6 41. fxg6 hxg6 42. Ra8 Kc6 43. Rc8+ Kb6 44. Ke4 g5
45. Kd4 Rf5 46. Rc1 g4 47. Ke4 Rc5 48. Rg1 Rc4+ 49. Kd5 Rb4
50. Rg2 Kb5 51. Rg1 b6 52. Rg2 Ka4 53. Rg1 Kb3 54. Ke5 0-1

[Event "Bled Olympiad"]
[Site "Bled SLO"]
[Date "2002.11.08"]
[EventDate "2002.10.26"]
[Round "13"]
[Result "0-1"]
[White "Alejandro Ramirez Alvarez"]
[Black "Brian Kelly"]
[WhiteElo "2421"]
[BlackElo "2451"]
[PlyCount "64"]

1. e4 e6 2. d4 d5 3. Nc3 Bb4 4. e5 Ne7 5. a3 Bxc3+ 6. bxc3 b6
7. Qg4 Ng6 8. h4 h5 9. Qd1 Ba6 10. Bxa6 Nxa6 11. Bg5 Qd7
12. Ne2 Qa4 13. O-O Ne7 14. Bxe7 Kxe7 15. Nf4 Rac8 16. Qd3 c5
17. Rac1 Nb8 18. Qg3 Kf8 19. Qf3 Rh6 20. Rfd1 Nc6 21. Nxh5
Qxa3 22. Ra1 Qb2 23. Qg4 Rg6 24. Qh3 Qxc2 25. Nf4 Rh6 26. Nxd5
Qe4 27. Ne3 Rxh4 28. Qf3 Qxf3 29. gxf3 cxd4 30. cxd4 Rxd4
31. Rdc1 Rdd8 32. Nc4 Nd4 0-1

[Event "Bled Olympiad"]
[Site "Bled SLO"]
[Date "2002.11.08"]
[EventDate "2002.10.26"]
[Round "13"]
[Result "1-0"]
[White "Alexander Baburin"]
[Black "Leonardo Valdes"]
[WhiteElo "2580"]
[BlackElo "2426"]
[PlyCount "85"]

1. d4 Nf6 2. c4 g6 3. Nf3 Bg7 4. g3 O-O 5. Bg2 d6 6. O-O Nc6
7. Nc3 a6 8. Re1 Rb8 9. Rb1 b5 10. cxb5 axb5 11. b4 e5
12. dxe5 dxe5 13. Nd2 Nd4 14. e3 Ne6 15. Qe2 Qe8 16. a4 c6
17. Nb3 Bd7 18. Na5 Nd8 19. Ba3 Qe7 20. Rbc1 e4 21. h3 h5
22. Red1 Re8 23. axb5 cxb5 24. Nd5 Nxd5 25. Rxd5 Bf5 26. Rxb5
Ra8 27. Bb2 Bxb2 28. Qxb2 Qd7 29. Re5 Rf8 30. h4 Rb8 31. Bxe4
Bxe4 32. Rxe4 Qf5 33. Qc2 Qb5 34. Qc4 Qa4 35. Nb3 Qa3 36. Ra1
Qb2 37. Ra6 Kh7 38. Nc5 Rc8 39. Qd5 Qe2 40. Rd6 Ne6 41. Rexe6
Ra8 42. Rf6 Ra7 43. Rd7 1-0

[Event "Bled Olympiad"]
[Site "Bled SLO"]
[Date "2002.11.08"]
[EventDate "2002.10.26"]
[Round "13"]
[Result "1/2-1/2"]
[White "Miguel Munoz Sanchez"]
[Black "Ibrahim Hasan Labib"]
[WhiteElo "2305"]
[BlackElo "2432"]
[PlyCount "99"]

1. e4 c6 2. d4 d5 3. Nd2 dxe4 4. Nxe4 Nd7 5. Nf3 Ngf6 6. Nxf6+
Nxf6 7. Ne5 Be6 8. Be2 g6 9. O-O Bg7 10. c4 O-O 11. Be3 Ne4
12. Qc2 Nd6 13. Rfd1 Nf5 14. Qb3 Nxe3 15. Qxe3 Qb6 16. b3 Qc7
17. f4 Rad8 18. Rac1 Bf5 19. Bd3 Bxd3 20. Rxd3 e6 21. Rcd1
Rfe8 22. h3 Rd6 23. Qe4 Red8 24. R1d2 b5 25. g3 bxc4 26. bxc4
Rb8 27. Rb3 Rxb3 28. axb3 Qa5 29. Rd3 c5 30. dxc5 Qxc5+
31. Qe3 Qxe3+ 32. Rxe3 Bxe5 33. fxe5 Rd2 34. Kf1 Kf8 35. Ke1
Rb2 36. Kd1 g5 37. c5 Ke7 38. Rd3 Ra2 39. c6 Ra6 40. Rd7+ Ke8
41. Rd6 Rb6 42. c7 Rxd6+ 43. exd6 Kd7 44. g4 f5 45. gxf5 exf5
46. Ke2 g4 47. hxg4 fxg4 48. Kf2 h5 49. Kg3 a5 50. Kh4 1/2-1/2

[Event "Bled Olympiad"]
[Site "Bled SLO"]
[Date "2002.11.08"]
[EventDate "2002.10.26"]
[Round "13"]
[Result "0-1"]
[White "Mohamed Ezat"]
[Black "Daniel Mieles Palau"]
[WhiteElo "2375"]
[BlackElo "2416"]
[PlyCount "124"]

1. d4 e6 2. c4 b6 3. e4 Bb7 4. Nc3 Bb4 5. Qc2 Qh4 6. d5 f5
7. exf5 exd5 8. cxd5 Bxd5 9. Bd2 Bb7 10. O-O-O Ne7 11. Nh3
Nbc6 12. Bg5 Qh5 13. Bb5 O-O-O 14. Nd5 Nxd5 15. Bxd8 Nxd8
16. Qc4 Qxf5 17. Rxd5 Qxd5 18. Qxb4 Nc6 19. Qc4 Qxg2 20. Qf1
Nb4 21. Rg1 Qe4 22. Qc4 Qxc4+ 23. Bxc4 g6 24. a3 Nc6 25. Re1
h6 26. Nf4 g5 27. Ng6 Rd8 28. Re3 d5 29. Bb5 Rd6 30. Re8+ Kd7
31. Re7+ Kd8 32. Rg7 Rf6 33. b4 Rxf2 34. Rg8+ Kd7 35. Ne5+ Kd6
36. Nxc6 Bxc6 37. Rg6+ Ke5 38. Rxc6 Rxh2 39. Rxc7 g4 40. Rg7
Kf4 41. Bc6 h5 42. Bxd5 h4 43. Kd1 g3 44. Ke1 h3 45. Bb7 Ra2
46. Kf1 g2+ 47. Bxg2 hxg2+ 48. Kg1 Rxa3 49. Kxg2 Ke4 50. Kf2
Kd4 51. Ke2 Kc4 52. Rg4+ Kb5 53. Kd2 Rb3 54. Rg7 a6 55. Kc2
Kxb4 56. Rg6 Ka3 57. Rg1 Ka2 58. Rg4 b5 59. Rg5 a5 60. Rh5 a4
61. Rh4 b4 62. Rc4 a3 0-1

[Event "Bled Olympiad"]
[Site "Bled SLO"]
[Date "2002.11.08"]
[EventDate "2002.10.26"]
[Round "13"]
[Result "1/2-1/2"]
[White "Matjaz Mikac"]
[Black "Hoang Thong Tu"]
[WhiteElo "2401"]
[BlackElo "2507"]
[PlyCount "24"]

1. e4 e5 2. Nf3 Nc6 3. Nc3 Nf6 4. d4 exd4 5. Nxd4 Bb4 6. Nxc6
bxc6 7. Bd3 d5 8. exd5 cxd5 9. O-O O-O 10. Bg5 c6 11. Qf3 Be7
12. Rae1 h6 1/2-1/2

[Event "Bled Olympiad"]
[Site "Bled SLO"]
[Date "2002.11.08"]
[EventDate "2002.10.26"]
[Round "13"]
[Result "1-0"]
[White "Igor Jelen"]
[Black "Vinh Bui"]
[WhiteElo "2362"]
[BlackElo "2459"]
[PlyCount "99"]

1. d4 d5 2. c4 c6 3. Nf3 Nf6 4. Nc3 a6 5. e3 g6 6. Be2 Bg7
7. O-O O-O 8. b3 Nbd7 9. Bb2 b5 10. Ne5 Bb7 11. f4 Rc8 12. c5
a5 13. a3 Qc7 14. b4 Nxe5 15. fxe5 Nd7 16. e4 e6 17. Qe1 Ra8
18. Rd1 Nb8 19. Rd3 axb4 20. axb4 Na6 21. Nd1 Qe7 22. Nf2 f5
23. exf6 Bxf6 24. e5 Bg7 25. Bc1 Nc7 26. Rg3 Ra1 27. Qc3 Ra2
28. Bg5 Qe8 29. Bd3 Qa8 30. Ng4 Qa3 31. Qe1 Rxf1+ 32. Bxf1 Qb2
33. Qe3 Ra1 34. Rf3 Rd1 35. Nh6+ Kh8 36. Nf7+ Kg8 37. Nh6+ Kh8
38. Nf7+ Kg8 39. Nd6 Qxd4 40. Qxd4 Rxd4 41. Rf7 Rg4 42. Bf6
Ne8 43. Rxb7 Bxf6 44. exf6 Nxf6 45. Rc7 Rxb4 46. Rxc6 Ng4
47. Rc8+ Kg7 48. c6 Rb1 49. c7 Ne3 50. Kf2 1-0

[Event "Bled Olympiad"]
[Site "Bled SLO"]
[Date "2002.11.08"]
[EventDate "2002.10.26"]
[Round "13"]
[Result "1-0"]
[White "Dao Thien Hai"]
[Black "Marko Tratar"]
[WhiteElo "2547"]
[BlackElo "2471"]
[PlyCount "89"]

1. d4 Nf6 2. c4 g6 3. Nc3 Bg7 4. e4 d6 5. Be2 O-O 6. Bg5 Na6
7. Nf3 h6 8. Bf4 e5 9. Bc1 c6 10. d5 Bd7 11. O-O Nc5 12. Nd2
a5 13. Re1 Qb8 14. a4 Qc7 15. Bf1 Qb6 16. h3 Ne8 17. Ra3 f5
18. exf5 gxf5 19. Nb3 Na6 20. dxc6 bxc6 21. Be3 Qd8 22. f4 e4
23. Qd2 Nb4 24. Rd1 h5 25. Na2 h4 26. Nxb4 axb4 27. Ra2 Rf7
28. Be2 Bf8 29. c5 Be6 30. Qc2 Bxb3 31. Qxb3 d5 32. Qxb4 Nc7
33. Qe1 Ne6 34. b4 Qf6 35. Bc1 Rfa7 36. a5 Rb8 37. Kh1 Qh6
38. b5 Bxc5 39. bxc6 Nc7 40. Qc3 Qf8 41. Bb2 Kh7 42. Qe1 Qh6
43. Be5 Re8 44. Bxc7 Rxc7 45. Rxd5 1-0

[Event "Bled Olympiad"]
[Site "Bled SLO"]
[Date "2002.11.08"]
[EventDate "2002.10.26"]
[Round "13"]
[Result "1-0"]
[White "Anh Dung Nguyen"]
[Black "Bogdan Podlesnik"]
[WhiteElo "2540"]
[BlackElo "2385"]
[PlyCount "73"]

1. e4 c5 2. Nf3 Nc6 3. d4 cxd4 4. Nxd4 Nf6 5. Nc3 e5 6. Ndb5
d6 7. Bg5 a6 8. Na3 b5 9. Bxf6 gxf6 10. Nd5 f5 11. c3 Bg7
12. exf5 Bxf5 13. Nc2 Be6 14. g3 O-O 15. Bg2 a5 16. O-O f5
17. Qh5 Rb8 18. Rad1 Qd7 19. Nce3 b4 20. Rd2 bxc3 21. bxc3 Ne7
22. Rfd1 Ng6 23. Nc4 Kh8 24. Bh3 e4 25. Ndb6 Qe8 26. Nxd6 Qc6
27. Nd5 Ne5 28. Nf4 Bd7 29. Rd5 e3 30. fxe3 Qxc3 31. Nxf5 Bxf5
32. Bxf5 Qxe3+ 33. Kg2 Rb2+ 34. Kh3 h6 35. Rxe5 Qf2 36. Ng6+
Kg8 37. Be6+ 1-0

[Event "Bled Olympiad"]
[Site "Bled SLO"]
[Date "2002.11.08"]
[EventDate "2002.10.26"]
[Round "13"]
[Result "1-0"]
[White "Cerdas Barus"]
[Black "Richard Dineley"]
[WhiteElo "2479"]
[BlackElo "2284"]
[PlyCount "83"]

1. d4 Nf6 2. c4 g6 3. Nc3 d5 4. Nf3 Bg7 5. cxd5 Nxd5 6. e4
Nxc3 7. bxc3 c5 8. Rb1 O-O 9. Be2 b6 10. O-O Bb7 11. Qd3 Ba6
12. Qe3 e6 13. Bxa6 Nxa6 14. Qe2 Nb8 15. Rd1 cxd4 16. cxd4 Qd7
17. h4 Qa4 18. Bg5 Nc6 19. Qd2 Rac8 20. h5 Na5 21. hxg6 hxg6
22. Bh6 Nc4 23. Qf4 f6 24. Bxg7 Kxg7 25. Qg4 Qe8 26. Rd3 Rf7
27. Nh4 Rfc7 28. Rg3 Nd2 29. Re1 Rc3 30. Qxg6+ Qxg6 31. Rxg6+
Kf7 32. e5 fxe5 33. dxe5 Rc2 34. Rf6+ Ke7 35. Ng6+ Kd7
36. Rf7+ Kd8 37. Rxa7 R8c4 38. Nf8 Rb4 39. Nxe6+ Kc8 40. Rf7
Rxa2 41. Rc1+ Kb8 42. Rf8+ 1-0

[Event "Bled Olympiad"]
[Site "Bled SLO"]
[Date "2002.11.08"]
[EventDate "2002.10.26"]
[Round "13"]
[Result "1-0"]
[White "Sadikin Irwanto"]
[Black "Francis Rayner"]
[WhiteElo "2416"]
[BlackElo "2219"]
[PlyCount "83"]

1. d4 Nf6 2. Nf3 e6 3. c4 c5 4. d5 exd5 5. cxd5 d6 6. Nc3 g6
7. e4 Bg7 8. h3 O-O 9. Bd3 a6 10. a4 Nbd7 11. O-O Nh5 12. Be3
Qe7 13. Re1 Ne5 14. Be2 Nxf3+ 15. Bxf3 Nf6 16. e5 dxe5 17. d6
Qe6 18. Bxc5 Bd7 19. Nd5 Rab8 20. Ba7 Rbd8 21. Ne7+ Kh8
22. Bxb7 Be8 23. Bc5 Qc4 24. b4 a5 25. Rc1 Qh4 26. b5 Bh6
27. Rc3 Nd7 28. Ba3 Nb6 29. Be4 f5 30. Bc2 Bg7 31. Rc7 Bf7
32. Nc6 Nc4 33. Nxd8 Rxd8 34. Rxf7 Nxa3 35. Bb3 Qb4 36. d7 Nc4
37. Bxc4 Qxc4 38. Re7 Bf6 39. Qd6 Bxe7 40. Qxe5+ Kg8 41. Qxe7
Qc7 42. Qxd8+ 1-0

[Event "Bled Olympiad"]
[Site "Bled SLO"]
[Date "2002.11.08"]
[EventDate "2002.10.26"]
[Round "13"]
[Result "0-1"]
[White "Richard S Jones"]
[Black "Susanto Megaranto"]
[WhiteElo "2063"]
[BlackElo "2420"]
[PlyCount "60"]

1. e4 e6 2. d4 d5 3. Nd2 Nf6 4. e5 Nfd7 5. Bd3 c5 6. c3 Nc6
7. Ne2 cxd4 8. cxd4 f6 9. exf6 Nxf6 10. Nf3 Bd6 11. O-O O-O
12. Bg5 Qb6 13. Nc3 Bd7 14. Bh4 g6 15. Bc2 Qxb2 16. Na4 Qa3
17. Re1 b5 18. Re3 Qb4 19. Nc3 Ng4 20. Rd3 Qa5 21. h3 Nh6
22. Qd2 Bf4 23. Qe1 Nf5 24. g3 Bh6 25. Kg2 Rac8 26. a4 Ncxd4
27. axb5 Nxc2 28. Rxa5 Nxe1+ 29. Nxe1 Nxh4+ 30. gxh4 Rxc3 0-1

[Event "Bled Olympiad"]
[Site "Bled SLO"]
[Date "2002.11.08"]
[EventDate "2002.10.26"]
[Round "13"]
[Result "1-0"]
[White "Ilir Seitaj"]
[Black "Meng-Kong Wong"]
[WhiteElo "2406"]
[BlackElo "2496"]
[PlyCount "99"]

1. e4 d6 2. d4 Nf6 3. Nc3 g6 4. Nf3 Bg7 5. Be2 O-O 6. O-O c5
7. dxc5 dxc5 8. Qxd8 Rxd8 9. Bg5 Nc6 10. h3 Nd4 11. Bd1 Ne6
12. Bh4 Kf8 13. Re1 h6 14. Bg3 b6 15. Be2 Nd4 16. Nxd4 cxd4
17. Nb5 Bb7 18. e5 Nd7 19. e6 Ne5 20. exf7 Rac8 21. Bxe5 Bxe5
22. Bd3 Bf6 23. Nxa7 Rc5 24. Re6 Ra8 25. Nb5 Bc6 26. Nc7 Ra7
27. Rxf6 exf6 28. Ne6+ Kxf7 29. Nxc5 bxc5 30. Bc4+ Kf8 31. Re1
Bd7 32. c3 Bf5 33. cxd4 cxd4 34. Rd1 Rd7 35. Bd3 Be6 36. a4
Rb7 37. Bb5 Bd7 38. Bxd7 Rxd7 39. a5 Rb7 40. a6 Rxb2 41. Ra1
Rb8 42. a7 Ra8 43. Kf1 Kf7 44. Ra6 h5 45. Ke2 h4 46. Kd3 g5
47. Kxd4 Kg6 48. Kc5 g4 49. hxg4 Kg5 50. Ra4 1-0

[Event "Bled Olympiad"]
[Site "Bled SLO"]
[Date "2002.11.08"]
[EventDate "2002.10.26"]
[Round "13"]
[Result "1-0"]
[White "Zenon Franco Ocampos"]
[Black "Catarino Domingos"]
[WhiteElo "2504"]
[BlackElo "2247"]
[PlyCount "35"]

1. c4 Nf6 2. Nf3 e6 3. d4 d5 4. e3 Be7 5. Nc3 O-O 6. b3 c5
7. Bd3 Nc6 8. O-O h6 9. Bb2 cxd4 10. exd4 b6 11. Qe2 Bb7
12. Rad1 Rc8 13. Rfe1 Nb4 14. Bb1 Ba6 15. Ne5 Nc6 16. Qf3 Bb7
17. Qh3 Re8 18. Nxf7 1-0

[Event "Bled Olympiad"]
[Site "Bled SLO"]
[Date "2002.11.08"]
[EventDate "2002.10.26"]
[Round "13"]
[Result "1/2-1/2"]
[White "Bazar Khatanbaatar"]
[Black "Jose Sequera Paolini"]
[WhiteElo "2439"]
[BlackElo "2378"]
[PlyCount "40"]

1. e4 e6 2. d3 d5 3. Nd2 c5 4. Ngf3 Nc6 5. g3 Bd6 6. Bg2 Nge7
7. O-O O-O 8. Re1 Qc7 9. b3 Bd7 10. Bb2 d4 11. Nc4 e5 12. c3
b5 13. Nxd6 Qxd6 14. cxd4 cxd4 15. Nh4 Rac8 16. Rf1 Nb4 17. f4
f6 18. fxe5 fxe5 19. Rxf8+ Rxf8 20. a3 Nbc6 1/2-1/2

[Event "Bled Olympiad"]
[Site "Bled SLO"]
[Date "2002.11.08"]
[EventDate "2002.10.26"]
[Round "13"]
[Result "0-1"]
[White "Johann Carlos Alvarez Marquez"]
[Black "Dashzeveg Sharavdorj"]
[WhiteElo "2382"]
[BlackElo "2418"]
[PlyCount "118"]

1. d4 Nf6 2. c4 e6 3. Nc3 Bb4 4. e3 O-O 5. Bd3 c5 6. Nge2 d5
7. cxd5 cxd4 8. exd4 Nxd5 9. O-O Nc6 10. Bc2 Bd6 11. Ne4 Be7
12. a3 Qc7 13. Qd3 Rd8 14. Ng5 g6 15. Qf3 Bf8 16. Be3 h6
17. Ne4 Bg7 18. Rac1 Qb6 19. b4 a5 20. b5 Qxb5 21. Rb1 Qa6
22. h4 Nce7 23. N2g3 Qc6 24. Bb3 f5 25. Nc5 a4 26. Bc4 b6
27. Bb5 Qc7 28. Nd3 Bb7 29. Rfc1 Qb8 30. Qe2 f4 31. Nxf4 Nxf4
32. Bxf4 Qxf4 33. Qxe6+ Qf7 34. Qxf7+ Kxf7 35. Rc7 Bd5 36. Re1
Bf8 37. h5 Rd6 38. Re5 Rad8 39. Bxa4 g5 40. Nf5 Re6 41. Ne3
Rxe5 42. dxe5 Be6 43. Rb7 Bg7 44. Rxb6 Bxe5 45. Bb3 Bxb3
46. Rxb3 Rb8 47. Rxb8 Bxb8 48. Kf1 Ke6 49. Ke2 Bd6 50. a4 Nd5
51. Nxd5 Kxd5 52. Kf3 Bc5 53. a5 Ke5 54. Kg3 Ke4 55. a6 Ba7
56. f3+ Kf5 57. Kh3 Kf4 58. Kh2 Bb6 59. Kh3 Bg1 0-1

[Event "Bled Olympiad"]
[Site "Bled SLO"]
[Date "2002.11.08"]
[EventDate "2002.10.26"]
[Round "13"]
[Result "0-1"]
[White "Slim Belkhodja"]
[Black "Piotr Dukaczewski"]
[WhiteElo "2497"]
[BlackElo "2342"]
[PlyCount "84"]

1. e4 c5 2. Nf3 e6 3. d3 Nc6 4. g3 Be7 5. Bg2 d5 6. Qe2 Nf6
7. O-O b6 8. e5 Nd7 9. c4 Nf8 10. h4 h6 11. Na3 Bb7 12. Nc2 d4
13. a3 g5 14. h5 Qc7 15. Nh2 Nd7 16. Ng4 O-O-O 17. Re1 Bf8
18. b4 Bg7 19. f4 gxf4 20. Bxf4 Rhg8 21. b5 Ncxe5 22. Rad1 f6
23. Bxe5 Nxe5 24. Nxe5 fxe5 25. Bxb7+ Qxb7 26. Qg2 Bf6 27. Re4
Bg5 28. Rf1 Bf4 29. Rf3 Rg4 30. Ne1 Rdg8 31. Kf2 Qf7 32. Ke2
Rxg3 33. Rxg3 Rxg3 34. Qh1 Be3 35. Nf3 Rg5 36. Rh4 Rg3 37. Qf1
Qg7 38. Qh1 Rg2+ 39. Kd1 Qg3 40. Qh3 Rg1+ 41. Nxg1 Qxg1+
42. Kc2 Qc1+ 0-1

[Event "Bled Olympiad"]
[Site "Bled SLO"]
[Date "2002.11.10"]
[EventDate "2002.10.26"]
[Round "14"]
[Result "1/2-1/2"]
[White "Ivan Ivanisevic"]
[Black "Peter Svidler"]
[WhiteElo "2537"]
[BlackElo "2690"]
[PlyCount "21"]

1. d4 Nf6 2. c4 g6 3. Nc3 d5 4. Nf3 Bg7 5. Qb3 dxc4 6. Qxc4
O-O 7. e4 a6 8. e5 b5 9. Qb3 Nfd7 10. h4 c5 11. e6 1/2-1/2

[Event "Bled Olympiad"]
[Site "Bled SLO"]
[Date "2002.11.10"]
[EventDate "2002.10.26"]
[Round "14"]
[Result "1-0"]
[White "Vladimir Akopian"]
[Black "Zurab Azmaiparashvili"]
[WhiteElo "2689"]
[BlackElo "2666"]
[PlyCount "101"]

1. e4 d6 2. d4 Nf6 3. Nc3 g6 4. Be3 c6 5. Qd2 Nbd7 6. Nf3 b5
7. Bd3 Bg7 8. O-O O-O 9. h3 e5 10. dxe5 dxe5 11. a4 b4 12. Ne2
c5 13. c3 Bb7 14. cxb4 cxb4 15. Qxb4 Rb8 16. Qa3 Bxe4 17. Bxe4
Nxe4 18. Bxa7 Rb7 19. Be3 Qb8 20. Nc3 Rb3 21. Qe7 Nxc3
22. bxc3 Nb6 23. Rfd1 Nc4 24. Bc5 Rxc3 25. Qd7 Nb6 26. Qb5
Nxa4 27. Qxb8 Rxb8 28. Ba7 Rb4 29. Rd8+ Bf8 30. Nxe5 Rc7
31. Bb8 Rxb8 32. Rxb8 Nc5 33. Rc1 Ne6 34. Rxc7 Nxc7 35. Nd7
Ne6 36. Nxf8 Nxf8 37. Kh2 Kg7 38. Kg3 h5 39. Kf4 Nd7 40. Rd8
Nf6 41. Ke5 Ng8 42. Rxg8+ Kxg8 43. Kf6 Kf8 44. h4 Kg8 45. f4
Kf8 46. f5 gxf5 47. Kxf5 Ke7 48. Kg5 Ke6 49. Kxh5 Kf5 50. g3
f6 51. g4+ 1-0

[Event "Bled Olympiad"]
[Site "Bled SLO"]
[Date "2002.11.10"]
[EventDate "2002.10.26"]
[Round "14"]
[Result "0-1"]
[White "Emil Sutovsky"]
[Black "Sergei Tiviakov"]
[WhiteElo "2657"]
[BlackElo "2631"]
[PlyCount "130"]

1. e4 c5 2. Nc3 Nc6 3. f4 g6 4. Nf3 Bg7 5. Bb5 Nd4 6. Bc4 d6
7. O-O e6 8. e5 Nxf3+ 9. Qxf3 d5 10. Bb5+ Bd7 11. Bxd7+ Qxd7
12. d4 cxd4 13. Ne2 Ne7 14. Nxd4 Nc6 15. Nb3 O-O 16. Be3 Rfc8
17. c3 b6 18. Rad1 Qe7 19. Qe2 Rab8 20. Rf2 Re8 21. Nd4 Nxd4
22. Bxd4 Rbc8 23. Rf3 Rc4 24. Re3 Bf8 25. Rh3 Qd8 26. Qe3 Rc7
27. g4 Bc5 28. f5 exf5 29. gxf5 f6 30. e6 gxf5 31. Rg3+ Kh8
32. Bxc5 Rxc5 33. Kh1 Rc4 34. Qf3 Rxe6 35. Rxd5 Qa8 36. Rxf5
Re1+ 37. Kg2 Re2+ 38. Kh3 Qxf3 39. Rfxf3 Rxb2 40. Rxf6 Rc8
41. a4 Ra2 42. Rf4 Ra3 43. Rd4 Raxc3 44. Rd7 R3c7 45. Rgg7
Rxd7 46. Rxd7 Rc3+ 47. Kg4 Rc4+ 48. Kg5 Rxa4 49. h4 a5 50. h5
Re4 51. Rb7 Re8 52. Rxb6 Ra8 53. Kf6 a4 54. Kf7 a3 55. Rb1 a2
56. Ra1 Ra7+ 57. Kf6 Kg8 58. Rg1+ Kf8 59. Ra1 Ra6+ 60. Kg5 Kf7
61. Rf1+ Kg7 62. Ra1 Ra5+ 63. Kf4 Kh6 64. Kg4 Ra3 65. Kf5 Ra4
0-1

[Event "Bled Olympiad"]
[Site "Bled SLO"]
[Date "2002.11.10"]
[EventDate "2002.10.26"]
[Round "14"]
[Result "1/2-1/2"]
[White "Nigel Short"]
[Black "Bartlomiej Macieja"]
[WhiteElo "2684"]
[BlackElo "2615"]
[PlyCount "112"]

1. e4 c6 2. d4 d5 3. e5 Bf5 4. Nd2 e6 5. Nb3 Nd7 6. Be3 Nb6
7. Nf3 Nc4 8. Rb1 Bb4+ 9. Nbd2 Ne7 10. Bd3 O-O 11. O-O Nxe3
12. fxe3 c5 13. Bxf5 Nxf5 14. Qe2 cxd4 15. exd4 Be7 16. c3 Rb8
17. a3 a5 18. Qb5 Qc7 19. a4 Qc6 20. Ra1 Qxb5 21. axb5 b6
22. Rfe1 h5 23. Nf1 g6 24. Ne3 Rfc8 25. Kf2 Rb7 26. Ke2 Bf8
27. Nxf5 gxf5 28. h3 Bg7 29. Kd3 Kf8 30. Rg1 f6 31. exf6 Bxf6
32. Rae1 Ke7 33. g4 hxg4 34. hxg4 fxg4 35. Rxg4 Rf8 36. Rg6
Kd6 37. Reg1 Rh7 38. R1g3 a4 39. Rg8 Rh8 40. Rxf8 Rxf8 41. Rg6
Ke7 42. Rg1 Ra8 43. Ra1 Ra5 44. c4 dxc4+ 45. Kxc4 Ra8 46. Ra3
Kd7 47. Ne5+ Bxe5 48. dxe5 Rc8+ 49. Kb4 Rc2 50. Rd3+ Ke7
51. Kxa4 Rxb2 52. Rd6 Ra2+ 53. Kb4 Rb2+ 54. Kc4 Rc2+ 55. Kd3
Rc5 56. Rxb6 Rxe5 1/2-1/2

[Event "Bled Olympiad"]
[Site "Bled SLO"]
[Date "2002.11.10"]
[EventDate "2002.10.26"]
[Round "14"]
[Result "0-1"]
[White "Pablo San Segundo Carrillo"]
[Black "Thomas Luther"]
[WhiteElo "2523"]
[BlackElo "2538"]
[PlyCount "44"]

1. d4 d5 2. c4 c6 3. Nf3 Nf6 4. Nc3 a6 5. Bg5 dxc4 6. a4 h6
7. Bh4 b5 8. axb5 cxb5 9. Nxb5 axb5 10. Rxa8 Bb7 11. Ra7 Qb6
12. Rxb7 Qxb7 13. e3 e6 14. Bxf6 Bb4+ 15. Ke2 gxf6 16. g3 Nd7
17. Bg2 O-O 18. Qc2 Qa6 19. Rc1 Rc8 20. Kf1 c3 21. Nd2 cxd2
22. Qxc8+ Nf8 0-1

[Event "Bled Olympiad"]
[Site "Bled SLO"]
[Date "2002.11.10"]
[EventDate "2002.10.26"]
[Round "14"]
[Result "1-0"]
[White "Vladimir Georgiev"]
[Black "Josif D Dorfman"]
[WhiteElo "2501"]
[BlackElo "2617"]
[PlyCount "115"]

1. c4 Nf6 2. Nc3 e5 3. g3 Bb4 4. e4 Bxc3 5. dxc3 O-O 6. f3 d6
7. Be3 a5 8. Nh3 b6 9. Nf2 Be6 10. f4 exf4 11. gxf4 Re8
12. Qf3 Bd7 13. O-O-O Bc6 14. Bd3 Nbd7 15. Rhg1 Nc5 16. Bxc5
bxc5 17. Qg3 g6 18. e5 Nh5 19. Qg4 Kh8 20. Rde1 dxe5 21. fxe5
Rb8 22. e6 Qf6 23. Ne4 Bxe4 24. exf7 Qxf7 25. Rxe4 Rxe4
26. Qxe4 Re8 27. Qc6 Nf4 28. Rd1 Rd8 29. Bf1 Ne6 30. Be2 Qf4+
31. Kc2 Qe5 32. Rxd8+ Nxd8 33. Qg2 Kg7 34. Kb3 Ne6 35. Bg4 Nf4
36. Qa8 h5 37. Bf3 Nd3 38. Qd5 Qe3 39. Be4 Nf4 40. Qe5+ Kg8
41. Ka4 h4 42. Kxa5 Qd2 43. Ka4 c6 44. Kb3 Qxh2 45. Bxg6 Qg3
46. Bf5 Qf2 47. a4 Kf7 48. a5 h3 49. a6 h2 50. Be4 Qf1
51. Qf5+ Ke7 52. Qxc5+ Ke6 53. Qxc6+ Ke5 54. a7 Qd1+ 55. Ka2
Nd3 56. Qb5+ Kxe4 57. a8=Q+ Ke3 58. Qg5+ 1-0

[Event "Bled Olympiad"]
[Site "Bled SLO"]
[Date "2002.11.10"]
[EventDate "2002.10.26"]
[Round "14"]
[Result "1/2-1/2"]
[White "Jan Plachetka"]
[Black "Tiger Hillarp Persson"]
[WhiteElo "2444"]
[BlackElo "2493"]
[PlyCount "172"]

1. d4 g6 2. e4 Bg7 3. c3 d6 4. Nf3 Nf6 5. Bd3 O-O 6. O-O Nc6
7. h3 e5 8. Re1 h6 9. dxe5 dxe5 10. Be3 Nd7 11. Qc2 Ne7
12. Na3 a6 13. Rad1 Kh7 14. Nc4 b6 15. Bc1 Qe8 16. b4 Bb7
17. a4 Ng8 18. Qe2 Ngf6 19. Bc2 Qe6 20. Na3 Qe7 21. Nc4 Rfe8
22. Nh2 Rad8 23. Ng4 Qe6 24. Na3 Nxg4 25. hxg4 Nf6 26. f3 Qe7
27. Bb3 Kg8 28. Nc4 h5 29. g5 Nh7 30. Qe3 Bc8 31. a5 b5
32. Nb2 Be6 33. Bd5 Rd6 34. Bxe6 Qxe6 35. Rxd6 Qxd6 36. Rd1
Qc6 37. Rd5 Bf8 38. Qd3 Re6 39. Be3 Be7 40. Qd2 Rd6 41. Rxd6
cxd6 42. Nd1 Qc4 43. Kf2 Kg7 44. Qd5 Qc8 45. Ke2 Nf8 46. Kd3
Ne6 47. Nb2 h4 48. c4 h3 49. gxh3 Bxg5 50. Bxg5 Nxg5 51. Qxd6
Nxf3 52. Kc3 Qxh3 53. Qd3 Qh1 54. Qd1 Qg2 55. cxb5 axb5
56. Nd3 Ng5 57. Nxe5 Nxe4+ 58. Kd4 Nf6 59. Kc5 Qb7 60. Qd8
Ne4+ 61. Kd4 Nf6 62. Kc5 Ne4+ 63. Kd4 Nd2 64. Qd7 Qe4+ 65. Kc3
Nb1+ 66. Kb2 Qxe5+ 67. Kxb1 Qe4+ 68. Kc1 Qxb4 69. Qd2 Qc4+
70. Qc2 Qf4+ 71. Qd2 Qc4+ 72. Qc2 Qf4+ 73. Qd2 Qa4 74. Qc3+
Kh6 75. Qh3+ Kg5 76. Qe3+ Kf5 77. Qf3+ Ke6 78. Qc6+ Ke5 79. a6
Qa1+ 80. Kc2 b4 81. Qc7+ Kf6 82. a7 Kg7 83. Qb8 Qc3+ 84. Kd1
Qd3+ 85. Ke1 Qe3+ 86. Kd1 Qd3+ 1/2-1/2